Teoría y método para el estudio de la estructura de clases sociales (Con un análisis concreto: Chile 1970). Primera parte: El campo teórico /

Đã lưu trong:
Chi tiết về thư mục
Tác giả chính: Ipola, Emilio de
Tác giả khác: Torrado, Susana
Định dạng: Texto
Được phát hành: Santiago: Programa de Actividades conjuntas ELAS-CELADE
Các nhãn: Thêm thẻ
Không có thẻ, Là người đầu tiên thẻ bản ghi này!

MARC

LEADER 00000 a a2200000 04500
001 15793
003
040
090 |a 015500  
100 |a Ipola, Emilio de  
245 |a Teoría y método para el estudio de la estructura de clases sociales (Con un análisis concreto: Chile 1970). Primera parte: El campo teórico /  |c Emilio de Ipola 
260 |a Santiago:   |b Programa de Actividades conjuntas ELAS-CELADE  
300 |a xxi; 218; 3 p.  
700 |a Torrado, Susana  
999 |c 9478  |d 9478